[Event "FIDE World Uni Rapid-E 1st"]
[Site "Tornelo INT"]
[Date "2021.03.21"]
[Round "12"]
[White "Dubuisson, Samuel"]
[Black "Herrera, Diego"]
[Result "1-0"]
[WhiteElo "2044"]
[BlackElo "1832"]
[PlyCount "51"]
[EventDate "2021.03.20"]
[EventType "swiss (rapid)"]
[EventRounds "12"]
[EventCountry "NET"]
[SourceTitle "EXT 2022"]
[Source "ChessBase"]
[SourceDate "2021.10.06"]
[SourceVersion "1"]
[SourceVersionDate "2021.10.06"]
[SourceQuality "1"]

1. e4 c5 2. Nc3 a6 3. a4 g6 4. g3 Bg7 5. Bg2 Nc6 6. d3 Nf6 7. f4 d6 8. Nf3 0-0 9. 0-0 Rb8 10. h3 Bd7 11. Be3 Qa5 12. Qe1 Qb4 13. Rb1 Nd4 14. Qf2 Nxf3+ 15. Bxf3 Bxa4 16. g4 Bd7 17. g5 Ne8 18. Nd5 Qa5 19. Nxe7+ Kh8 20. Qh4 Qd8 21. Nd5 Be6 22. c4 f6 23. f5 Bxd5 24. cxd5 gxf5 25. g6 h6 26. Bxh6 1-0

[Event "FIDE World Uni Blitz-A 1st"]
[Site "Tornelo INT"]
[Date "2021.03.13"]
[Round "3.15"]
[White "Kambrath, Yannick"]
[Black "Dubuisson, Samuel"]
[Result "1-0"]
[WhiteElo "2375"]
[BlackElo "2044"]
[PlyCount "65"]
[EventDate "2021.03.13"]
[EventType "swiss (blitz)"]
[EventRounds "10"]
[EventCountry "NET"]
[SourceTitle "EXT 2022"]
[Source "ChessBase"]
[SourceDate "2021.10.06"]
[SourceVersion "1"]
[SourceVersionDate "2021.10.06"]
[SourceQuality "1"]

1. d4 d5 2. c4 e6 3. Nc3 c6 4. e3 Nf6 5. Nf3 Nbd7 6. Be2 dxc4 7. a4 Be7 8. 0-0 0-0 9. Nd2 e5 10. Nxc4 exd4 11. exd4 Nb6 12. Ne5 Bf5 13. a5 Nbd5 14. a6 Qc7 15. axb7 Qxb7 16. Ba6 Qc7 17. Na4 Bd6 18. Re1 Rfe8 19. Nf3 Rxe1+ 20. Qxe1 Re8 21. Qd1 Bg4 22. Be2 Bxh2+ 23. Kf1 Nf4 24. Bxf4 Qxf4 25. Nc3 Ne4 26. Nxe4 Qxe4 27. Rxa7 h5 28. Bc4 Kh7 29. Bd3 Bxf3 30. Qxf3 f5 31. Bxe4 fxe4 32. Qxh5+ Kg8 33. Qxe8+ 1-0

[Event "FIDE World Uni Blitz-A 1st"]
[Site "Tornelo INT"]
[Date "2021.03.13"]
[Round "6.37"]
[White "Zielinski, Konrad"]
[Black "Dubuisson, Samuel"]
[Result "1-0"]
[WhiteElo "1691"]
[BlackElo "2044"]
[PlyCount "35"]
[EventDate "2021.03.13"]
[EventType "swiss (blitz)"]
[EventRounds "10"]
[EventCountry "NET"]
[SourceTitle "EXT 2022"]
[Source "ChessBase"]
[SourceDate "2021.10.06"]
[SourceVersion "1"]
[SourceVersionDate "2021.10.06"]
[SourceQuality "1"]

1. e4 e5 2. Nf3 Nc6 3. d4 exd4 4. Bc4 Nf6 5. 0-0 Nxe4 6. Re1 d5 7. Bxd5 Qxd5 8. Nc3 Qh5 9. Nxe4 Be7 10. Nxd4 Nxd4 11. Qxh5 Nxc2 12. Bg5 Nxe1 13. Rxe1 Be6 14. Bxe7 Kxe7 15. Nc5 Rad8 16. Nxe6 fxe6 17. Qe5 Rd6 18. Qxg7+ 1-0

[Event "Cappelle Online Blitz op"]
[Site "Europe Echecs INT"]
[Date "2021.03.07"]
[Round "9"]
[White "Devallee, Jeremie"]
[Black "Dubuisson, Samuel"]
[Result "1-0"]
[WhiteElo "2220"]
[BlackElo "2044"]
[PlyCount "75"]
[EventDate "2021.03.07"]
[EventType "swiss (blitz)"]
[EventRounds "11"]
[EventCountry "FRA"]
[SourceTitle "CBM 201 Extra"]
[Source "ChessBase"]
[SourceDate "2021.05.31"]
[SourceVersion "1"]
[SourceVersionDate "2021.05.31"]
[SourceQuality "1"]

1. e4 e5 2. Nf3 Nc6 3. d4 exd4 4. Bc4 Nf6 5. e5 d5 6. Bb5 Ne4 7. Nxd4 Bd7 8. Bxc6 bxc6 9. 0-0 Bc5 10. f3 Ng5 11. f4 Ne4 12. Be3 Bb6 13. Nd2 c5 14. N4f3 Nxd2 15. Qxd2 d4 16. Bf2 Bc6 17. Bh4 Qd5 18. f5 g6 19. Qg5 Qd7 20. e6 fxe6 21. fxe6 Qg7 22. Ne5 h6 23. Qg3 Bd5 24. Rf7 Qg8 25. Re7+ Kd8 26. Rg7+ g5 27. Bxg5+ Kc8 28. Rxg8+ Rxg8 29. e7 Kb7 30. h4 Rae8 31. c4 dxc3 32. bxc3 hxg5 33. c4 gxh4 34. Qxh4 Bxg2 35. Kf2 Bc6 36. Nxc6 Kxc6 37. Qe4+ Kd7 38. Rd1+ 1-0

[Event "Cappelle Online Blitz op"]
[Site "Europe Echecs INT"]
[Date "2021.03.07"]
[Round "10"]
[White "Dubuisson, Samuel"]
[Black "Brasseur, Vincent"]
[Result "1-0"]
[WhiteElo "2044"]
[BlackElo "1603"]
[PlyCount "69"]
[EventDate "2021.03.07"]
[EventType "swiss (blitz)"]
[EventRounds "11"]
[EventCountry "FRA"]
[SourceTitle "CBM 201 Extra"]
[Source "ChessBase"]
[SourceDate "2021.05.31"]
[SourceVersion "1"]
[SourceVersionDate "2021.05.31"]
[SourceQuality "1"]

1. b3 Nf6 2. Bb2 g6 3. Bxf6 exf6 4. d4 Bg7 5. g3 f5 6. Bg2 c5 7. e3 Nc6 8. Ne2 0-0 9. 0-0 d5 10. c3 b6 11. dxc5 bxc5 12. Qxd5 Qxd5 13. Bxd5 Bb7 14. Na3 a6 15. Rfd1 Rfd8 16. Nc4 Rab8 17. Rac1 Kf8 18. h4 Ba8 19. Nf4 Ne5 20. Bxa8 Nxc4 21. Bg2 Ne5 22. Nd5 Ng4 23. b4 cxb4 24. cxb4 a5 25. bxa5 Ra8 26. Rc5 Rdc8 27. Rxc8+ Rxc8 28. Nb6 Rc2 29. a4 Ra2 30. a6 Rxf2 31. a7 Nxe3 32. a8Q+ Ke7 33. Rd7+ Ke6 34. Qe8+ Kf6 35. Qxe3 1-0

[Event "Cappelle Online Blitz op"]
[Site "Europe Echecs INT"]
[Date "2021.03.07"]
[Round "7"]
[White "Juhasz, Barbara"]
[Black "Dubuisson, Samuel"]
[Result "0-1"]
[WhiteElo "2211"]
[BlackElo "2044"]
[PlyCount "198"]
[EventDate "2021.03.07"]
[EventType "swiss (blitz)"]
[EventRounds "11"]
[EventCountry "FRA"]
[SourceTitle "CBM 201 Extra"]
[Source "ChessBase"]
[SourceDate "2021.05.31"]
[SourceVersion "1"]
[SourceVersionDate "2021.05.31"]
[SourceQuality "1"]

1. e4 e5 2. Nf3 Nc6 3. Bb5 a6 4. Ba4 Nf6 5. 0-0 Be7 6. Bxc6 dxc6 7. d3 Bg4 8. Nbd2 0-0 9. h3 Bxf3 10. Nxf3 Nd7 11. b3 Re8 12. Bb2 Bf6 13. a4 g6 14. Qe2 Nc5 15. g3 Bg7 16. Kg2 h5 17. Qe3 b6 18. b4 Nd7 19. c4 c5 20. b5 Nf8 21. Bc3 a5 22. Rad1 Qd6 23. Qc1 Ne6 24. Qb2 Nd4 25. Bxd4 cxd4 26. Rc1 Bh6 27. Rc2 Qb4 28. h4 Qxa4 29. c5 Bf8 30. cxb6 cxb6 31. Rc6 Rab8 32. Rb1 Qb4 33. Qc2 Qe7 34. Rc7 Qf6 35. Ng5 Re7 36. Rc6 Qg7 37. Qc4 Rd7 38. Rc1 Kh8 39. Rc7 f6 40. Ne6 Qe7 41. Nxf8 Rxf8 42. Rxd7 Qxd7 43. Qd5 Qxd5 44. exd5 Rd8 45. Rc6 Kg7 46. Rxb6 Rxd5 47. Kf3 a4 48. Ke4 Rc5 49. Ra6 Rxb5 50. Rxa4 Rb2 51. Ra7+ Kh6 52. f4 Re2+ 53. Kd5 Re3 54. fxe5 fxe5 55. Kc4 Rxg3 56. Re7 Re3 57. Re6 Kg7 58. Re8 Kf7 59. Ra8 Rh3 60. Ra5 Kf6 61. Ra6+ Kf5 62. Ra8 Rxh4 63. Rf8+ Ke6 64. Re8+ Kd6 65. Rd8+ Ke7 66. Rg8 Rg4 67. Kd5 e4 68. Kxd4 exd3+ 69. Kxd3 Kf6 70. Ke3 Kg5 71. Kf3 Ra4 72. Rb8 Ra3+ 73. Kg2 h4 74. Rb4 Kh5 75. Rb8 g5 76. Rb4 Rc3 77. Ra4 h3+ 78. Kh2 g4 79. Ra8 Rc2+ 80. Kg1 Kh4 81. Ra3 h2+ 82. Kh1 Rb2 83. Rh3+ Kg5 84. Rxh2 Rb1+ 85. Kg2 Kf4 86. Rh7 Rb2+ 87. Kg1 Kg3 88. Kf1 Rb1+ 89. Ke2 Kg2 90. Rf7 g3 91. Rg7 Rb8 92. Ke3 Rf8 93. Rg6 Kh2 94. Rh6+ Kg1 95. Rg6 g2 96. Ke2 Re8+ 97. Kf3 Kf1 98. Rxg2 Rf8+ 99. Ke3 Kxg2 0-1

[Event "Cappelle Online Blitz op"]
[Site "Europe Echecs INT"]
[Date "2021.03.07"]
[Round "5"]
[White "Urazayev, Arystanbek"]
[Black "Dubuisson, Samuel"]
[Result "1-0"]
[WhiteElo "2429"]
[BlackElo "2044"]
[PlyCount "89"]
[EventDate "2021.03.07"]
[EventType "swiss (blitz)"]
[EventRounds "11"]
[EventCountry "FRA"]
[SourceTitle "CBM 201 Extra"]
[Source "ChessBase"]
[SourceDate "2021.05.31"]
[SourceVersion "1"]
[SourceVersionDate "2021.05.31"]
[SourceQuality "1"]

1. e4 Nc6 2. Nf3 d6 3. Bb5 a6 4. Bxc6+ bxc6 5. 0-0 g6 6. e5 Bg7 7. Re1 Bg4 8. h3 Bxf3 9. Qxf3 Qd7 10. d4 e6 11. Nc3 Ne7 12. Ne4 Nf5 13. c3 d5 14. Nc5 Qc8 15. Bg5 h6 16. Bd2 Bf8 17. Nd3 Be7 18. Qe2 Rb8 19. b4 a5 20. a3 0-0 21. g4 Nh4 22. Bxh6 Re8 23. Bf4 g5 24. Bg3 Ng6 25. f4 Kg7 26. f5 exf5 27. gxf5 Qxf5 28. Qf1 Qe6 29. Re3 Rh8 30. Nf2 axb4 31. axb4 Ra8 32. Rxa8 Rxa8 33. Ng4 Ra3 34. Rf3 c5 35. bxc5 Qa6 36. Rxf7+ Kg8 37. Nh6+ Kh8 38. Qxa6 Rxa6 39. Nf5 Bf8 40. Rxc7 Ra1+ 41. Kg2 Ra2+ 42. Kf3 Kg8 43. e6 Rc2 44. e7 Rxc3+ 45. Kg4 1-0

[Event "Cappelle Online Blitz op 1st"]
[Site "Europe Echecs INT"]
[Date "2021.01.10"]
[Round "4"]
[White "Dubuisson, Samuel"]
[Black "Buksa, Nataliya"]
[Result "1-0"]
[WhiteElo "2044"]
[BlackElo "2419"]
[PlyCount "149"]
[EventDate "2021.01.10"]
[EventType "swiss (blitz)"]
[EventRounds "11"]
[EventCountry "FRA"]
[SourceTitle "CBM 200 Extra"]
[Source "ChessBase"]
[SourceDate "2021.03.31"]
[SourceVersion "1"]
[SourceVersionDate "2021.03.31"]
[SourceQuality "1"]

1. c4 e6 2. Nc3 d5 3. e3 Nf6 4. Nf3 Be7 5. Be2 c5 6. 0-0 0-0 7. d4 dxc4 8. Bxc4 Nc6 9. dxc5 Bxc5 10. Qe2 Qe7 11. a3 e5 12. b4 Bb6 13. Bb2 Bg4 14. h3 Bh5 15. Qc2 Bg6 16. Qb3 Rad8 17. Rfd1 a6 18. Nd5 Nxd5 19. Bxd5 Kh8 20. Bxc6 bxc6 21. Nxe5 Rxd1+ 22. Rxd1 Be4 23. Rd7 Qg5 24. f3 Qxe3+ 25. Qxe3 Bxe3+ 26. Kf1 Bd5 27. Ke2 Bg1 28. Ng4 f6 29. Kd3 Be6 30. Rd6 Bf5+ 31. Kc4 Rc8 32. Bd4 Bh2 33. Nxh2 h5 34. Kc5 Bc2 35. Rxc6 Re8 36. Nf1 Re1 37. Ne3 Bd3 38. Kb6 Rb1 39. Rc8+ Kh7 40. Rc7 Kg6 41. Nd5 Bf1 42. Nc3 Re1 43. b5 axb5 44. Nxb5 Bxg2 45. Rc3 Bxh3 46. a4 Bf1 47. a5 Rb1 48. Rc5 Rb4 49. Bf2 Rb2 50. Bg3 Bg2 51. Rc3 Bf1 52. Rc5 Be2 53. a6 Bxf3 54. a7 Rb3 55. Rc3 Rxc3 56. Nxc3 Kf5 57. Nb5 g5 58. Nd6+ Kg4 59. Nb7 Bxb7 60. Kxb7 Kxg3 61. a8Q f5 62. Qa5 Kg4 63. Qe1 h4 64. Kc6 h3 65. Kd5 h2 66. Qh1 Kg3 67. Kd4 f4 68. Kd3 g4 69. Ke2 f3+ 70. Ke3 Kh3 71. Kf2 g3+ 72. Kxf3 Kh4 73. Qg2 Kh5 74. Kxg3 Kg5 75. Qxh2 1-0

[Event "Cappelle Online Blitz op 1st"]
[Site "Europe Echecs INT"]
[Date "2021.01.10"]
[Round "9"]
[White "Dubuisson, Samuel"]
[Black "Ghita, Vlad Bogdan"]
[Result "1/2-1/2"]
[WhiteElo "2044"]
[BlackElo "1742"]
[PlyCount "150"]
[EventDate "2021.01.10"]
[EventType "swiss (blitz)"]
[EventRounds "11"]
[EventCountry "FRA"]
[SourceTitle "CBM 200 Extra"]
[Source "ChessBase"]
[SourceDate "2021.03.31"]
[SourceVersion "1"]
[SourceVersionDate "2021.03.31"]
[SourceQuality "1"]

1. c4 e5 2. Nc3 Nc6 3. e3 g6 4. Nf3 Bg7 5. d4 d6 6. Be2 f5 7. 0-0 e4 8. Nd2 Nf6 9. Rb1 0-0 10. b4 Ne7 11. d5 g5 12. Nb3 Ng6 13. Ba3 Ng4 14. Bxg4 Bxc3 15. Be2 Bg7 16. c5 f4 17. Bb2 Ne5 18. exf4 gxf4 19. f3 exf3 20. Bxf3 Bf5 21. Bxe5 Bxe5 22. Rc1 Rf7 23. Bg4 Bxg4 24. Qxg4+ Rg7 25. Qe6+ Kh8 26. cxd6 cxd6 27. Rc2 Qg5 28. Rfc1 Rag8 29. Qh3 Qg6 30. Qf3 Qf7 31. Na5 Qd7 32. Nc4 Qb5 33. a3 Qa4 34. Kh1 Qd7 35. Nb2 Qf5 36. Nd3 a6 37. Ne1 Qg4 38. Qxg4 Rxg4 39. Nf3 R4g7 40. Kg1 Re7 41. Kf1 Rge8 42. Rc7 Bb2 43. Rxe7 Rxe7 44. Rc8+ Kg7 45. a4 b5 46. axb5 axb5 47. Rb8 Rc7 48. Rxb5 Rc1+ 49. Ke2 Rc2+ 50. Kd3 Rxg2 51. Rb7+ Kf6 52. Rd7 Be5 53. Rxh7 Rb2 54. Nxe5 Kxe5 55. Kc3 Rb1 56. Rh5+ Ke4 57. Kc4 Rc1+ 58. Kb5 f3 59. Rh6 Kxd5 60. Rf6 Rh1 61. Rxf3 Rxh2 62. Rd3+ Ke6 63. Kc6 Rc2+ 64. Kb6 d5 65. b5 Ke5 66. Kb7 Ke4 67. Rh3 d4 68. Rh8 d3 69. b6 d2 70. Rd8 Ke3 71. Kb8 Ke2 72. Re8+ Kf3 73. Rd8 Ke2 74. Re8+ Kf3 75. Rd8 Ke2 1/2-1/2

[Event "Coupe 2000"]
[Site "Saint Quentin"]
[Date "2019.06.29"]
[Round "2.1"]
[White "Dubuisson, Samuel"]
[Black "Nottola, Adrien"]
[Result "0-1"]
[WhiteElo "1995"]
[BlackElo "1972"]
[PlyCount "74"]
[EventDate "2019.06.29"]
[EventType "team-match"]
[EventRounds "5"]
[EventCountry "FRA"]
[SourceTitle "EXT 2020"]
[Source "ChessBase"]
[SourceDate "2019.10.17"]
[SourceVersion "1"]
[SourceVersionDate "2019.10.17"]
[SourceQuality "1"]

1. d4 Nf6 2. c4 g6 3. Nc3 Bg7 4. e4 d6 5. Be3 0-0 6. Be2 e5 7. d5 a5 8. a3 Nbd7 9. Rc1 Nc5 10. f3 Bd7 11. b4 axb4 12. axb4 Na4 13. Nxa4 Rxa4 14. Qd2 Nh5 15. c5 Nf4 16. Bf1 f5 17. g3 Nh5 18. Bg5 Qa8 19. Bc4 fxe4 20. fxe4 Ra1 21. Ne2 Bg4 22. cxd6 cxd6 23. Qc3 Rxc1+ 24. Nxc1 Rf3 25. Nd3 Qf8 26. Kd2 Bh6 27. Bxh6 Qxh6+ 28. Kc2 Nxg3 29. Ra1 Nxe4 30. Ra8+ Kg7 31. Qe1 Qxh2+ 32. Kb3 Nd2+ 33. Kc3 Nxc4 34. Rb8 Qb2+ 35. Kxc4 Qc2+ 36. Qc3 Qa2+ 37. Kb5 Qa6# 0-1